000
00224nam a22000857a 4500
008
170207b xxu||||| |||| 00| 0 eng d
100
_9
2796
_a
Pearson. J
245
_a
Eekebee, yes that's me
260
_a
Ontario
_b
David. c. Cook
_c
1989
999
_c
5994
_d
5994